| 000 | 00527nam a2200181 i 4500 | ||
|---|---|---|---|
| 001 | 99363 | ||
| 003 | ES-MaACL | ||
| 005 | 20250811072551.0 | ||
| 007 | t| | ||
| 008 | 050907s1960 sp |||| | spa d | ||
| 100 | 1 |
_aMartín-Granizo, León. _977517 |
|
| 245 | 1 | 0 |
_aEfemérides del Ministerio de Trabajo / _cLeón Martín-Granizo. |
| 260 |
_aMadrid : _b[s.n.], _c1960. |
||
| 300 |
_a14 p. ; _c27 cm. |
||
| 610 | 1 | 4 |
_aEspaña. _bMinisterio de Trabajo _93924 |
| 852 |
_aES-MaACL _j2026-F-25 |
||
| 999 |
_c99363 _d99363 |
||